00755nam a2200205 a 4500001001000000003000900010005001700019007000300036008004100039040002500080082002100105100004100126245015200167260003500319300002000354500006200374600006200436650002400498650002700522000025829DO-SdBNP20240412074252.0ta110223e2006 dr gr 001 e spa d aDO-SdBNPbspacBNPHU aRD861.44bB796zJ aGautier, Manuel Salvador,d1930-202110aJaime al descubierto :bla expresión íntima en el libro de poemas. rituales de lluvia de Jaime Tatem Brache. ensayo /cManuel Salvador Gautier. aSanto Domingo :bBúho,c2006 a34 p. ;c23 cm. aIncluye datos biográficos del autor en la contraportada 4aTatem Brache, Jaime,d1962-xCrítica e Interpretación 4aPoesía dominicana 0aLiteratura dominicana.